• 首页
  • 本馆介绍
  • 公告通知
  • 最新文献
  • 馆藏检索
  • 电子资源
  • 读者导购
  • 参考咨询
  • 我的图书馆
  • 登录
  • 详细信息显示
  • 放入我的书架
  • 预约/预借图书
  • 作者相关作品
  • 分类相关作品
  • 丛书相关作品
  • 出版社相关作品

书目信息

  • 表格格式
  • 工作单格式
  • 卡片格式
书名: 远古科学
作者: 小晶郁生.
分册号:
分册名:
出版地: 东京 :
 
出版社: 初级博物馆
出版时间:
页数: 195 p. ;
开本: 20cm.
丛书名:
中图分类号:
科图分类号:
其他分类号: P532
主题词:
电子资源:
000 00362nam 2200157 a 4500
001 E0734241725
005 20070729093315.95
008 070729s 00010 eng
040    @aPFT@bchi
041    @achi@hjpn
090    @aP532
099    @dP532@ex63
245 1  @a远古科学 / @c小晶郁生.
260    @a东京 :@b初级博物馆.
300    @a195 p. ;@c20cm.
650    @a地质科学
    
    远古科学 / / 小晶郁生.-东京 : : 初级博物馆.
    195 p. ; ; 20cm.
    
    
    ISBN
    
●
相关链接 在E读中查询图书 在五车中查询图书 在当当中查询图书 在豆瓣中查询图书


正题名:远古科学     索取号:P532/x63         预约/预借

序号 登录号 条形码 馆藏地/架位号 状态 备注
1 0014618   300146189   第二样本阅览室/ [索取号:P532/x63] 在馆    
唐山师范学院图书馆 欢迎您!
大连网信软件有限公司© 版权所有